000 01219cam a2200241 4500
001 L136814
008 070226n2006 000 0 eng u
020 _a9780117539617
_a0117539619
035 _a(Sirsi) u136814
041 0 _aeng
050 _a711.558 $2 18
110 2 _aUnited Kingdom
_bDepartment for Communities and Local Government
_94939
245 0 0 _aChanges to planning regulations for casinos
_h[electronic resource]
260 _aLondon
_bDCLG
_c2006
520 _aGives guidance on the planning regulations for casinos, as amended by SI 220/06, which amends the Town and Country Planning (Use Classes) Order 1987 (the UCO), and SI 221/06 which amends Part 3 of the Town and Country Planning (General Permitted Development) Order 1995 (the GPDO).
650 2 4 _aODPM CIRCULAR 02/2006
650 2 4 _aTOWN AND COUNTRY PLANNING (USE CLASSES) ORDER 1987
650 2 4 _aTOWN AND COUNTRY PLANNING (GENERAL PERMITTED DEVELOPMENT) ORDER 1995
651 4 _aEngland
_y886-
690 _aENVIRONMENTAL AND LAND CONSULTANCY-PLANNING AND DEVELOPMENT-PLANNING GUIDANCE
856 4 0 _uhttps://www.communities.gov.uk/index.asp?id=1164223
_zView the circular free of charge at www.communities.gov.uk...
942 _n0
999 _c106513
_d106513